| 000 | 02052nam a2200337 i 4500 | ||
|---|---|---|---|
| 001 | 000042442 | ||
| 003 | DO-SdBNP | ||
| 005 | 20250604123109.0 | ||
| 007 | ta | ||
| 008 | 131202s2008 dr ab 000 0 spa d | ||
| 020 | _a9789993467502 | ||
| 040 |
_aDO-SdBNP _bspa _cBNPHU _erda |
||
| 041 | _hspa | ||
| 082 | 4 |
_a912.7293 _bI31i _222 |
|
| 245 | 0 | 0 |
_aImágenes insulares : _bcartografía histórica dominicana / _ccompilador, José Chez Checo; fotografías, Silverio Vidal, Miriam Calzada. |
| 264 |
_aSanto Domingo : _bBanco Popular, _c2008. |
||
| 300 |
_a418 páginas : _bilustraciones, mapas ; _c27 cm. |
||
| 336 |
_ardacontent _btexto _2txt |
||
| 337 |
_ardamedia _bsin mediación _2n |
||
| 338 |
_ardacarrier _bvolumen _2nc |
||
| 500 | _aIncluye datos biográficos del compilador | ||
| 505 | _aPresentación 15 -- Prólogo 17 -- A manera de introducción 25 -- Siglas 29 -- SOBRE CARTOGRAFÍA HISTÓRICA DOMINICANA 31 -- SIGLO XV 50 -- El Cibao : encuentro de Colón con los aborígenes 53 -- SIGLO XVI 58 --Urbanismo y cartografía de la ciudad colonial 61 -- Memorias de Francis Drake. Viaje a las Antillas occidentales 79 -- SIGLO XVII 92 -- Contrabando y despoblaciones 95 -- SIGLO XVIII 130 -- El Caribe : geografía y política internacional 133 -- El marco geográfico visto por los contemporáneos 173 -- La Española : ríos y el lago de Jaragua 217 -- SIGLO XIX 250 -- El nacimiento de una República 250 -- Cartografía moderna dominicana 301 -- SIGLO XX 328 -- Modernización y desarrollo 331 -- SIGLO XXI 382 -- Apéndice 390 -- Historia de la división territorial desde el tratado de Aranjuez (1777) hasta el 1943 393 -- Datos biográficos del compilador 417 | ||
| 590 | _aInventariado, 20'24/DG | ||
| 650 | 0 |
_aCartografía _zRepública Dominicana _xHistoria _977121 |
|
| 651 | 0 |
_aRepública Dominicana _xHistoria _vMapas _987379 |
|
| 700 | 1 |
_aVidal, Silverio _efotografias _969593 |
|
| 700 | 1 |
_aCalzada, Miriam _efotografias _969594 |
|
| 700 | 1 |
_aChez Checo, José, _d1949- _ecompilador _910145 |
|
| 910 | _aDG | ||
| 942 |
_2ddc _cLBS1 |
||
| 999 |
_c41931 _d41931 |
||